00466nam a2200169Ia 4500003000400000005001700004008004100021040001000062082001200072100001600084245003400100260001800134600001500152942001200167952010000179999001700279OSt20260511141353.0241002s9999 xx 000 0 und d cAACR2 a155 FWG aFlugel, J.C 2aA Hundred Years of Psychology aLondon:c1953 aPhilosophy cUC2ddc 00102ddc4070aUITUbUITUd1994-01-01l0o155 FLUpUC121r2024-10-02 09:31:08w2024-10-02yUC c18448d18448